| 000 | 00581nam a2200217Ia 4500 | ||
|---|---|---|---|
| 003 | OSt | ||
| 005 | 20230403144008.0 | ||
| 008 | 210423s2013 xx 000 0 und d | ||
| 020 | _a978-1-4472-3117-2 | ||
| 040 | _cAL | ||
| 041 | _aeng | ||
| 082 |
_a823.914 _223 _bARCF |
||
| 100 |
_aARCHER (Jeffrey) _982641 |
||
| 245 | _aBest kept secret: the clifton chronicles Vol 3 | ||
| 260 |
_aLondon _bPan Book Ltd _c2013 |
||
| 300 |
_a381 _bPB |
||
| 440 | _v3 | ||
| 650 |
_aEnglish Fiction _982642 |
||
| 906 | _aBest ; chronicles ; clifton ; kept ; secret: ; Vol | ||
| 942 |
_2ddc _cBK |
||
| 999 |
_c169101 _d169101 |
||